| 000 | 00584nam a2200205Ia 4500 | ||
|---|---|---|---|
| 008 | 131103s9999 xx 000 0 und d | ||
| 020 | _a0 435 12113 8 | ||
| 040 | _aLoreto College | ||
| 041 | _aEnglish | ||
| 082 |
_a843/SAI _bLCLIB/24066 |
||
| 100 | _aSaint - Exupery, Antoine de | ||
| 245 |
_aNight flight _cAntoine de Saint - Exupery ; Translated by Curtis Cate |
||
| 260 |
_aLondon _bHeinemann _c1975 |
||
| 300 |
_a95p. _c 18cm. |
||
| 440 | _aThe new windmill :No.113 | ||
| 650 | _aFrench fiction | ||
| 700 | _aCate, Curtis tr. | ||
| 850 | _aLCLIB/843/SAI | ||
| 942 | _cBK | ||
| 999 |
_c23933 _d74412 |
||